书目信息 |
| 书名: | First Home: Soft Furnishings | |
| 作者: | Morwenna Brett | |
| 分册号: | ||
| 分册名: | 出版地: | China |
|
| 出版社: | Octopus Books | |
| 出版时间: | 2004 | |
| 页数: | 106p | |
| 开本: | 26cm | |
| 丛书名: | ||
| 中图分类号: | ||
| 科图分类号: | ||
| 其他分类号: | F768.5 | |
| 主题词: | ||
| 电子资源: | ||
| 000 | 00393nam0 2200145 450 | |
| 001 | 202012003144 | |
| 005 | 20121203102327.0 | |
| 008 | 12120301s | |
| 020 | @a9780600610465@c$12.95 | |
| 099 | @dF768.5 @eM892 | |
| 245 | 10 | @aFirst Home: Soft Furnishings@cMorwenna Brett |
| 260 | 0 | @aChina@bOctopus Books@c2004 |
| 300 | @a106p@c26cm | |
| 905 | @b14347-8 | |
| 905 | @aTSG@dF768.5 @eM892 | |
| First Home: Soft Furnishings / Morwenna Brett.-China : Octopus Books , 2004 |
| 106p ; 26cm |
| ISBN 9780600610465$12.95 |
| ● |
| 相关链接 |
|
|
|
正题名:First Home: Soft Furnishings
索取号:F768.5/M892
 
预约/预借
| 序号 | 登录号 | 条形码 | 馆藏地/架位号 | 状态 | 备注 |
| 1 | 14347 | 300143477 | 社科库409/409社科库 49排2列4层/ [索取号:F768.5/M892] | 在馆 | |
| 2 | 14348 | 300143486 | 社科库409/409社科库 49排2列4层/ [索取号:F768.5/M892] | 在馆 |